000 00698cam a22002291 4500
001 sa 66000057
003 DLC
005 20260227112212.0
008 761008s1960 ii b 000 0 eng
010 _asa 66000057
035 _a(OCoLC)2490799
040 _aDLC
_cDHU
_dOCoLC
_dDLC
041 1 _aengurd
042 _apremarc
050 0 0 _aDS427
_b.N313
100 1 _aNadvī, Abulḥasan ʻAlī,
_d1913-
245 0 0 _aMuslims in India,
_cS. Abul Hasan Ali Nadwi. Translated from Urdu by Mohammad Asif Kidwai.
260 _aLucknow,
_bAcademy of Islamic Research and Publications
_c[1960]
300 _aiii, 155 p.
_c23 cm.
504 _aBibliographical footnotes.
650 0 _aMuslims
_zIndia.
999 _c67013
_d67013